000 00354nam a2200145Ia 4500
008 230917s9999||||xx |||||||||||||| ||und||
040 _e43250
_aMAIN
041 _aEnglish
082 _a942 T212E
100 _aTaylor, A J P
245 0 _aEnglish history 1914- 1945
260 _aHarmondsworth
_bPenguin Books
_c1975
300 _a875 p.
942 _cBK
999 _c185191
_d185191